[Event "WCO 2016"]
[Site "?"]
[Date "2016.09.13"]
[Round "11"]
[Board "15"]
[WhiteID "13404938"]
[White "Gadimbayli Abdulla"]
[BlackID "4700031"]
[Black "Seitaj Ilir"]
[Result "1/2-1/2"]
[BlackElo "2374"]
[WhiteElo "2294"]
[LiveChessVersion "1.4.8"]

1. e4 {[%clk 1:30:55]} e5 {[%clk 1:30:51]} 2. Nc3 {[%clk 1:31:08]} Nf6
{[%clk 1:30:41]} 3. g3 {[%clk 1:31:21]} Bc5 {[%clk 1:28:08]} 4. Bg2
{[%clk 1:30:43]} d6 {[%clk 1:28:28]} 5. Nge2 {[%clk 1:26:12]} Nc6
{[%clk 1:28:38]} 6. d3 {[%clk 1:22:15]} Be6 {[%clk 1:28:21]} 7. Nd5
{[%clk 1:15:44]} h6 {[%clk 1:27:25]} 8. O-O {[%clk 1:10:59]} Qd7 {[%clk 1:21:49]}
9. c3 {[%clk 0:53:01]} Bxd5 {[%clk 1:20:19]} 10. exd5 {[%clk 0:53:20]} Ne7
{[%clk 1:20:43]} 11. d4 {[%clk 0:49:41]} exd4 {[%clk 1:20:24]} 12. Nxd4
{[%clk 0:49:10]} O-O {[%clk 1:19:30]} 13. Nc2 {[%clk 0:36:32]} Rfe8
{[%clk 1:18:41]} 14. Be3 {[%clk 0:24:39]} Rad8 {[%clk 1:16:25]} 15. c4
{[%clk 0:21:26]} Qg4 {[%clk 1:15:52]} 16. b4 {[%clk 0:17:49]} Bxe3
{[%clk 1:02:51]} 17. Nxe3 {[%clk 0:18:12]} Qxd1 {[%clk 1:02:46]} 18. Rfxd1
{[%clk 0:18:29]} Ng6 {[%clk 1:02:59]} 19. Rac1 {[%clk 0:17:27]} h5
{[%clk 0:56:03]} 20. c5 {[%clk 0:08:46]} Ng4 {[%clk 0:56:26]} 21. Nc4
{[%clk 0:05:12]} Re2 {[%clk 0:55:32]} 22. cxd6 {[%clk 0:02:26]} cxd6
{[%clk 0:55:54]} 23. Rd2 {[%clk 0:02:11]} Re7 {[%clk 0:55:59]} 24. h3
{[%clk 0:02:13]} Nf6 {[%clk 0:55:41]} 25. Ne3 {[%clk 0:01:52]} Ne5
{[%clk 0:46:47]} 26. Rc3 {[%clk 0:01:10]} Ng6 {[%clk 0:45:37]} 27. Kf1
{[%clk 0:00:34]} h4 {[%clk 0:45:24]} 28. g4 {[%clk 0:00:32]} Ne4 {[%clk 0:45:31]}
29. Bxe4 {[%clk 0:00:53]} Rxe4 {[%clk 0:45:54]} 30. a3 {[%clk 0:00:41]} a5
{[%clk 0:46:05]} 31. bxa5 {[%clk 0:00:44]} Ra4 {[%clk 0:46:15]} 32. Nc4
{[%clk 0:00:32]} Nf4 {[%clk 0:46:08]} 33. Rd4 {[%clk 0:00:31]} g5
{[%clk 0:46:29]} 34. Rb3 {[%clk 0:00:41]} Rc8 {[%clk 0:46:41]} 35. Rb4
{[%clk 0:00:55]} Rxa3 {[%clk 0:46:06]} 36. Rxf4 {[%clk 0:00:33]} Ra1+
{[%clk 0:46:29]} 37. Kg2 {[%clk 0:00:58]} gxf4 {[%clk 0:46:42]} 38. Nxd6
{[%clk 0:01:21]} Rd8 {[%clk 0:46:19]} 39. Nxb7 {[%clk 0:00:42]} Rxd5
{[%clk 0:46:39]} 40. Rxf4 {[%clk 0:30:53]} Kg7 {[%clk 1:14:13]} 41. Rc4
{[%clk 0:26:33]} Ra2 {[%clk 1:13:04]} 42. Nc5 {[%clk 0:22:01]} Rxa5
{[%clk 1:13:24]} 43. Nb3 {[%clk 0:22:10]} Ra2 {[%clk 1:08:42]} 44. Nd4
{[%clk 0:21:15]} Re5 {[%clk 0:56:14]} 45. Rc1 {[%clk 0:13:21]} Rea5
{[%clk 0:35:08]} 46. Rc3 {[%clk 0:04:45]} R2a4 {[%clk 0:33:52]} 47. Nf5+
{[%clk 0:01:35]} Rxf5 {[%clk 0:34:17]} 48. gxf5 {[%clk 0:02:02]} Kf6
{[%clk 0:34:32]} 49. Rc5 {[%clk 0:01:31]} Kg5 {[%clk 0:34:39]} 50. Rb5
{[%clk 0:01:23]} f6 {[%clk 0:35:04]} 51. Rc5 {[%clk 0:01:40]} 1/2-1/2

[Event "WCO 2016"]
[Site "?"]
[Date "2016.09.13"]
[Round "11"]
[Board "16"]
[WhiteID "4700066"]
[White "Ashiku Franc"]
[BlackID "13408798"]
[Black "Gasimov Parviz"]
[Result "1-0"]
[BlackElo "2323"]
[WhiteElo "2322"]
[LiveChessVersion "1.4.8"]

1. Nf3 {[%clk 1:30:57]} Nf6 {[%clk 1:30:19]} 2. g3 {[%clk 1:31:18]} b5
{[%clk 1:29:53]} 3. Bg2 {[%clk 1:31:15]} Bb7 {[%clk 1:30:15]} 4. O-O
{[%clk 1:31:31]} e6 {[%clk 1:30:04]} 5. d3 {[%clk 1:31:34]} d6 {[%clk 1:26:32]}
6. e4 {[%clk 1:30:00]} Nbd7 {[%clk 1:24:26]} 7. Nbd2 {[%clk 1:24:08]} Be7
{[%clk 1:21:53]} 8. Re1 {[%clk 1:16:37]} O-O {[%clk 1:17:22]} 9. Qe2
{[%clk 1:13:03]} e5 {[%clk 1:02:04]} 10. a4 {[%clk 1:08:32]} a6 {[%clk 0:52:57]}
11. d4 {[%clk 1:05:25]} Rb8 {[%clk 0:47:35]} 12. axb5 {[%clk 0:50:55]} axb5
{[%clk 0:47:36]} 13. d5 {[%clk 0:50:53]} c6 {[%clk 0:45:00]} 14. dxc6
{[%clk 0:50:55]} Bxc6 {[%clk 0:45:27]} 15. Nh4 {[%clk 0:51:15]} g6
{[%clk 0:39:28]} 16. Nb3 {[%clk 0:50:19]} Qc7 {[%clk 0:34:26]} 17. Bh6
{[%clk 0:45:28]} Rfc8 {[%clk 0:32:16]} 18. Rad1 {[%clk 0:45:45]} b4
{[%clk 0:30:20]} 19. Rd2 {[%clk 0:38:00]} Bb5 {[%clk 0:24:54]} 20. Qf3
{[%clk 0:38:09]} Nb6 {[%clk 0:22:46]} 21. Rb1 {[%clk 0:32:17]} Ra8
{[%clk 0:10:35]} 22. Bh3 {[%clk 0:31:46]} Rd8 {[%clk 0:10:22]} 23. Bg2
{[%clk 0:15:55]} Nc4 {[%clk 0:08:35]} 24. Rdd1 {[%clk 0:16:19]} Ra2
{[%clk 0:06:51]} 25. Bg5 {[%clk 0:15:19]} Kg7 {[%clk 0:06:03]} 26. Bf1
{[%clk 0:14:53]} Qc6 {[%clk 0:04:32]} 27. Nd2 {[%clk 0:14:13]} Nxb2
{[%clk 0:03:08]} 28. Bxb5 {[%clk 0:06:47]} Qxb5 {[%clk 0:03:35]} 29. Re1
{[%clk 0:06:21]} Ra3 {[%clk 0:02:20]} 30. Re3 {[%clk 0:01:40]} Rxe3
{[%clk 0:02:17]} 31. fxe3 {[%clk 0:01:51]} Nc4 {[%clk 0:01:28]} 32. Bxf6+
{[%clk 0:00:47]} Bxf6 {[%clk 0:01:57]} 33. Rf1 {[%clk 0:00:51]} Bxh4
{[%clk 0:01:32]} 34. Qxf7+ {[%clk 0:01:17]} Kh6 {[%clk 0:01:24]} 35. Nxc4
{[%clk 0:01:42]} Bg5 {[%clk 0:00:34]} 36. h4 {[%clk 0:01:59]} Bxe3+
{[%clk 0:00:35]} 37. Nxe3 {[%clk 0:02:22]} Qe2 {[%clk 0:00:50]} 38. Qf3
{[%clk 0:00:41]} Qxf3 {[%clk 0:00:37]} 39. Rxf3 {[%clk 0:01:06]} Rc8
{[%clk 0:00:44]} 40. Kf2 {[%clk 0:31:11]} 1-0

[Event "WCO 2016"]
[Site "?"]
[Date "2016.09.13"]
[Round "11"]
[Board "17"]
[WhiteID "922412"]
[White "Djukic Nikola"]
[BlackID "14900017"]
[Black "Ftacnik Lubomir"]
[Result "1/2-1/2"]
[BlackElo "2548"]
[WhiteElo "2534"]
[LiveChessVersion "1.4.8"]

1. e4 {[%clk 1:30:57]} c5 {[%clk 1:30:50]} 2. Nf3 {[%clk 1:31:19]} d6
{[%clk 1:31:18]} 3. d4 {[%clk 1:31:39]} cxd4 {[%clk 1:31:43]} 4. Nxd4
{[%clk 1:32:05]} Nf6 {[%clk 1:32:05]} 5. Nc3 {[%clk 1:32:29]} a6 {[%clk 1:32:28]}
6. Be2 {[%clk 1:32:10]} e6 {[%clk 1:32:47]} 7. Be3 {[%clk 1:31:45]} Be7
{[%clk 1:32:43]} 8. f4 {[%clk 1:31:37]} O-O {[%clk 1:27:23]} 9. O-O
{[%clk 1:31:41]} Nc6 {[%clk 1:25:42]} 10. Qe1 {[%clk 1:28:18]} Nxd4
{[%clk 1:23:55]} 11. Bxd4 {[%clk 1:28:40]} b5 {[%clk 1:24:19]} 12. a3
{[%clk 1:27:54]} Bb7 {[%clk 1:23:04]} 13. Qg3 {[%clk 1:28:16]} g6
{[%clk 1:18:58]} 14. Bf3 {[%clk 1:26:03]} a5 {[%clk 1:14:27]} 15. Rad1
{[%clk 1:11:59]} b4 {[%clk 0:56:45]} 16. axb4 {[%clk 1:11:47]} axb4
{[%clk 0:57:09]} 17. e5 {[%clk 1:11:52]} Bxf3 {[%clk 0:57:28]} 18. Qxf3
{[%clk 1:11:46]} bxc3 {[%clk 0:55:23]} 19. exf6 {[%clk 1:11:55]} Bxf6
{[%clk 0:55:51]} 20. Qxc3 {[%clk 1:11:34]} Bxd4+ {[%clk 0:56:08]} 21. Qxd4
{[%clk 1:11:42]} Qb8 {[%clk 0:50:39]} 22. Rf3 {[%clk 1:06:56]} Rc8
{[%clk 0:48:29]} 23. c4 {[%clk 0:47:55]} Ra2 {[%clk 0:42:53]} 24. b3
{[%clk 0:43:15]} Rc6 {[%clk 0:40:40]} 25. h3 {[%clk 0:34:23]} Qb4
{[%clk 0:30:29]} 26. Qc3 {[%clk 0:22:43]} Qb6+ {[%clk 0:23:26]} 27. Qd4
{[%clk 0:20:26]} Kf8 {[%clk 0:15:39]} 28. Qxb6 {[%clk 0:13:42]} Rxb6
{[%clk 0:16:07]} 29. Rf2 {[%clk 0:12:36]} Raa6 {[%clk 0:10:45]} 30. Rd3
{[%clk 0:08:14]} Ra1+ {[%clk 0:06:59]} 31. Rf1 {[%clk 0:08:37]} Ra3
{[%clk 0:07:24]} 32. Rff3 {[%clk 0:08:52]} Ke7 {[%clk 0:07:38]} 33. g4
{[%clk 0:09:02]} h6 {[%clk 0:05:41]} 34. Kg2 {[%clk 0:07:30]} f5 {[%clk 0:05:20]}
35. gxf5 {[%clk 0:04:21]} gxf5 {[%clk 0:05:44]} 36. h4 {[%clk 0:04:26]} h5
{[%clk 0:04:08]} 37. Kh3 {[%clk 0:03:00]} Kf6 {[%clk 0:04:12]} 38. Rc3
{[%clk 0:02:38]} Ke7 {[%clk 0:03:10]} 39. Rce3 {[%clk 0:02:31]} Ra1
{[%clk 0:02:45]} 40. Kg2 {[%clk 0:31:06]} Rb1 {[%clk 0:32:04]} 41. Rg3
{[%clk 0:20:23]} Rb2+ {[%clk 0:27:45]} 42. Kh3 {[%clk 0:19:41]} Kf6
{[%clk 0:27:50]} 43. Rc3 {[%clk 0:19:25]} Rb1 {[%clk 0:24:39]} 44. Kh2
{[%clk 0:16:10]} Ra6 {[%clk 0:22:45]} 45. Rcd3 {[%clk 0:08:08]} e5
{[%clk 0:20:22]} 46. Rg2 {[%clk 0:07:51]} Re1 {[%clk 0:08:58]} 47. Rdg3
{[%clk 0:05:32]} exf4 {[%clk 0:08:43]} 48. Rg7 {[%clk 0:05:10]} Re3
{[%clk 0:06:19]} 49. c5 {[%clk 0:02:05]} Rxb3 {[%clk 0:03:12]} 50. cxd6
{[%clk 0:02:27]} Rxd6 {[%clk 0:03:10]} 51. R2g6+ {[%clk 0:02:37]} Ke5
{[%clk 0:03:39]} 52. Re7+ {[%clk 0:02:05]} Kd5 {[%clk 0:04:07]} 53. Rg5
{[%clk 0:00:49]} Kc4 {[%clk 0:03:20]} 54. Re2 {[%clk 0:00:57]} Kd3
{[%clk 0:03:16]} 55. Ra2 {[%clk 0:00:42]} Rdb6 {[%clk 0:01:38]} 56. Rxf5
{[%clk 0:00:40]} Rb2+ {[%clk 0:01:29]} 57. Rxb2 {[%clk 0:01:06]} Rxb2+
{[%clk 0:01:59]} 58. Kg1 {[%clk 0:01:14]} Ke3 {[%clk 0:01:57]} 59. Re5+
{[%clk 0:01:28]} Kf3 {[%clk 0:02:06]} 60. Rxh5 {[%clk 0:01:53]} Rb1+
{[%clk 0:02:22]} 61. Kh2 {[%clk 0:02:19]} Kf2 {[%clk 0:02:41]} 62. Ra5
{[%clk 0:02:27]} Rb2 {[%clk 0:02:27]} 63. Kh3 {[%clk 0:02:46]} f3
{[%clk 0:02:37]} 64. Kg4 {[%clk 0:02:13]} Kg2 {[%clk 0:02:45]} 65. h5
{[%clk 0:01:42]} f2 {[%clk 0:03:10]} 66. Ra1 {[%clk 0:02:04]} Re2
{[%clk 0:02:39]} 67. h6 {[%clk 0:02:24]} Re1 {[%clk 0:02:28]} 68. Ra2
{[%clk 0:02:50]} Kg1 {[%clk 0:02:46]} 69. Rxf2 {[%clk 0:03:07]} Kxf2
{[%clk 0:03:15]} 70. Kg5 {[%clk 0:03:14]} Rh1 {[%clk 0:03:22]} 1/2-1/2

[Event "WCO 2016"]
[Site "?"]
[Date "2016.09.13"]
[Round "11"]
[Board "18"]
[WhiteID "14907445"]
[White "Pacher Milan"]
[BlackID "900290"]
[Black "Kosic Dragan"]
[Result "0-1"]
[BlackElo "2517"]
[WhiteElo "2499"]
[LiveChessVersion "1.4.8"]

1. d4 {[%clk 1:30:55]} Nf6 {[%clk 1:30:33]} 2. c4 {[%clk 1:31:20]} e6
{[%clk 1:30:59]} 3. Nc3 {[%clk 1:30:56]} Bb4 {[%clk 1:27:39]} 4. e3
{[%clk 1:31:20]} c5 {[%clk 1:28:00]} 5. Nge2 {[%clk 1:30:33]} cxd4
{[%clk 1:28:14]} 6. exd4 {[%clk 1:30:57]} d5 {[%clk 1:28:35]} 7. a3
{[%clk 1:30:34]} Be7 {[%clk 1:28:53]} 8. cxd5 {[%clk 1:27:26]} Nxd5
{[%clk 1:28:56]} 9. g3 {[%clk 1:27:11]} Nxc3 {[%clk 1:23:44]} 10. bxc3
{[%clk 1:23:50]} Qd5 {[%clk 1:23:58]} 11. Rg1 {[%clk 1:24:13]} O-O
{[%clk 1:23:23]} 12. Nf4 {[%clk 1:23:56]} Qa5 {[%clk 1:22:50]} 13. Bd2
{[%clk 1:23:52]} Nc6 {[%clk 1:20:04]} 14. Bd3 {[%clk 1:20:52]} g6
{[%clk 1:19:52]} 15. Qf3 {[%clk 1:13:54]} Qd8 {[%clk 1:04:38]} 16. Rd1
{[%clk 0:51:28]} Bxa3 {[%clk 1:02:49]} 17. g4 {[%clk 0:49:35]} Be7
{[%clk 0:59:18]} 18. Nh5 {[%clk 0:46:41]} Bg5 {[%clk 0:53:54]} 19. Bxg5
{[%clk 0:32:13]} Qxg5 {[%clk 0:54:22]} 20. Nf6+ {[%clk 0:32:29]} Kg7
{[%clk 0:53:03]} 21. Ne4 {[%clk 0:32:54]} Qd8 {[%clk 0:48:49]} 22. g5
{[%clk 0:31:41]} e5 {[%clk 0:48:17]} 23. Qf6+ {[%clk 0:27:38]} Qxf6
{[%clk 0:45:01]} 24. gxf6+ {[%clk 0:28:03]} Kg8 {[%clk 0:44:01]} 25. d5
{[%clk 0:27:16]} Nb8 {[%clk 0:44:16]} 26. d6 {[%clk 0:17:15]} Bf5
{[%clk 0:26:48]} 27. Rg3 {[%clk 0:16:36]} Nd7 {[%clk 0:26:35]} 28. Nc5
{[%clk 0:15:57]} Nxc5 {[%clk 0:25:03]} 29. Bxf5 {[%clk 0:16:21]} Rad8
{[%clk 0:24:12]} 30. d7 {[%clk 0:15:09]} b6 {[%clk 0:16:56]} 31. Bh3
{[%clk 0:12:23]} a5 {[%clk 0:11:17]} 32. Rg5 {[%clk 0:05:31]} e4 {[%clk 0:09:40]}
33. Rd6 {[%clk 0:05:21]} a4 {[%clk 0:09:35]} 34. Rxb6 {[%clk 0:03:49]} Nxd7
{[%clk 0:09:25]} 35. Ra6 {[%clk 0:03:21]} Nb8 {[%clk 0:02:37]} 36. Rxa4
{[%clk 0:03:16]} Rd6 {[%clk 0:03:00]} 37. Rxe4 {[%clk 0:02:50]} Rxf6
{[%clk 0:03:24]} 38. Rb5 {[%clk 0:02:16]} Nc6 {[%clk 0:02:31]} 39. Rb6
{[%clk 0:02:36]} Kg7 {[%clk 0:02:49]} 40. Bd7 {[%clk 0:32:39]} Ne5
{[%clk 0:32:21]} 41. Rxf6 {[%clk 0:31:11]} Kxf6 {[%clk 0:29:51]} 42. Bb5
{[%clk 0:28:36]} Rc8 {[%clk 0:28:27]} 43. c4 {[%clk 0:26:58]} Kf5
{[%clk 0:27:53]} 44. Re3 {[%clk 0:26:25]} Kf4 {[%clk 0:27:55]} 45. Ra3
{[%clk 0:22:40]} Rc7 {[%clk 0:26:19]} 46. Ke2 {[%clk 0:20:00]} h5
{[%clk 0:24:44]} 47. Ra6 {[%clk 0:19:33]} f5 {[%clk 0:23:50]} 48. Ra4
{[%clk 0:18:30]} Rc5 {[%clk 0:23:55]} 49. Kd2 {[%clk 0:14:54]} Ng4
{[%clk 0:19:51]} 50. Kc3 {[%clk 0:12:47]} Nxf2 {[%clk 0:19:54]} 51. Kd4
{[%clk 0:12:37]} Ne4 {[%clk 0:20:05]} 52. Ra6 {[%clk 0:13:01]} Rc8
{[%clk 0:16:52]} 53. Bc6 {[%clk 0:11:33]} g5 {[%clk 0:16:25]} 54. Bb7
{[%clk 0:06:04]} Rd8+ {[%clk 0:12:17]} 55. Bd5 {[%clk 0:06:28]} g4
{[%clk 0:11:22]} 56. Ra8 {[%clk 0:06:05]} Rxa8 {[%clk 0:09:37]} 57. Bxa8
{[%clk 0:06:31]} h4 {[%clk 0:09:48]} 0-1

[Event "WCO 2016"]
[Site "?"]
[Date "2016.09.13"]
[Round "11"]
[Board "19"]
[WhiteID "900885"]
[White "Blagojevic Dragisa"]
[BlackID "14907518"]
[Black "Jurcik Marian"]
[Result "0-1"]
[BlackElo "2484"]
[WhiteElo "2482"]
[LiveChessVersion "1.4.8"]

1. d4 {[%clk 1:30:57]} Nf6 {[%clk 1:30:49]} 2. c4 {[%clk 1:31:19]} e6
{[%clk 1:31:12]} 3. Nf3 {[%clk 1:31:37]} c5 {[%clk 1:31:15]} 4. d5
{[%clk 1:31:52]} b5 {[%clk 1:31:17]} 5. Bg5 {[%clk 1:31:17]} exd5
{[%clk 1:30:57]} 6. cxd5 {[%clk 1:31:26]} h6 {[%clk 1:31:08]} 7. Bxf6
{[%clk 1:28:45]} Qxf6 {[%clk 1:31:31]} 8. Qc2 {[%clk 1:26:53]} Na6
{[%clk 1:31:03]} 9. e4 {[%clk 1:25:49]} Rb8 {[%clk 1:25:51]} 10. Be2
{[%clk 1:20:27]} d6 {[%clk 1:19:08]} 11. O-O {[%clk 1:16:21]} Be7
{[%clk 0:57:46]} 12. Nc3 {[%clk 1:03:12]} Bd7 {[%clk 0:50:21]} 13. Qd2
{[%clk 0:56:02]} c4 {[%clk 0:45:28]} 14. Nd4 {[%clk 0:52:56]} Nc5
{[%clk 0:35:33]} 15. Qe3 {[%clk 0:47:52]} b4 {[%clk 0:31:35]} 16. Nb1
{[%clk 0:40:32]} Qe5 {[%clk 0:26:38]} 17. Nd2 {[%clk 0:38:07]} c3
{[%clk 0:24:41]} 18. bxc3 {[%clk 0:35:46]} bxc3 {[%clk 0:25:09]} 19. f4
{[%clk 0:33:28]} Qf6 {[%clk 0:25:10]} 20. Qxc3 {[%clk 0:31:13]} O-O
{[%clk 0:24:33]} 21. Qe3 {[%clk 0:28:34]} Qg6 {[%clk 0:19:31]} 22. Bf3
{[%clk 0:24:55]} Rfe8 {[%clk 0:18:07]} 23. Rab1 {[%clk 0:22:13]} Rbc8
{[%clk 0:17:23]} 24. Nc4 {[%clk 0:14:49]} Na4 {[%clk 0:08:39]} 25. Rbc1
{[%clk 0:14:08]} Bd8 {[%clk 0:08:31]} 26. Kh1 {[%clk 0:11:22]} Nb6
{[%clk 0:06:04]} 27. Qd3 {[%clk 0:08:56]} Rc5 {[%clk 0:02:05]} 28. Ne3
{[%clk 0:05:59]} Rxc1 {[%clk 0:01:54]} 29. Rxc1 {[%clk 0:06:24]} Na4
{[%clk 0:01:38]} 30. Nb3 {[%clk 0:04:17]} Bb6 {[%clk 0:01:16]} 31. Nf5
{[%clk 0:03:43]} Bxf5 {[%clk 0:01:12]} 32. exf5 {[%clk 0:03:55]} Qf6
{[%clk 0:01:32]} 33. Qb5 {[%clk 0:04:01]} Qe7 {[%clk 0:01:56]} 34. h3
{[%clk 0:02:11]} Nc3 {[%clk 0:00:41]} 35. Qd3 {[%clk 0:01:00]} Nxa2
{[%clk 0:00:40]} 36. Ra1 {[%clk 0:00:56]} Qe3 {[%clk 0:00:38]} 37. Qxe3
{[%clk 0:00:41]} Rxe3 {[%clk 0:01:07]} 38. Rxa2 {[%clk 0:00:44]} Rxb3
{[%clk 0:01:34]} 39. Re2 {[%clk 0:00:40]} Be3 {[%clk 0:01:34]} 40. Rc2
{[%clk 0:30:36]} Bxf4 {[%clk 0:30:40]} 41. Rc8+ {[%clk 0:24:48]} Kh7
{[%clk 0:31:07]} 42. Kg1 {[%clk 0:25:07]} Bg3 {[%clk 0:29:36]} 43. Kf1
{[%clk 0:25:18]} Re3 {[%clk 0:29:44]} 44. Be2 {[%clk 0:25:31]} Re5
{[%clk 0:28:04]} 45. Rc7 {[%clk 0:25:28]} Rxf5+ {[%clk 0:27:53]} 46. Bf3
{[%clk 0:25:49]} Re5 {[%clk 0:28:16]} 47. Be2 {[%clk 0:26:16]} Kg6
{[%clk 0:23:48]} 48. Rxa7 {[%clk 0:23:44]} Rxd5 {[%clk 0:23:55]} 49. Ra3
{[%clk 0:21:32]} Be5 {[%clk 0:23:17]} 50. Bd3+ {[%clk 0:20:06]} Kg5
{[%clk 0:19:43]} 51. Kf2 {[%clk 0:16:51]} Rd4 {[%clk 0:19:07]} 52. g3
{[%clk 0:16:49]} Kf6 {[%clk 0:16:20]} 53. Kf3 {[%clk 0:17:02]} h5
{[%clk 0:16:05]} 54. Rb3 {[%clk 0:15:48]} h4 {[%clk 0:14:47]} 55. g4
{[%clk 0:13:30]} Ra4 {[%clk 0:11:29]} 56. Rb7 {[%clk 0:13:10]} Rf4+
{[%clk 0:09:20]} 57. Ke3 {[%clk 0:13:05]} Kg5 {[%clk 0:08:39]} 58. Be4
{[%clk 0:11:53]} g6 {[%clk 0:09:06]} 59. Rb1 {[%clk 0:08:50]} f5 {[%clk 0:08:42]}
60. gxf5 {[%clk 0:09:07]} gxf5 {[%clk 0:09:10]} 61. Rg1+ {[%clk 0:09:11]} Kf6
{[%clk 0:09:18]} 62. Bd3 {[%clk 0:09:30]} Ra4 {[%clk 0:07:04]} 63. Rf1
{[%clk 0:09:49]} Bd4+ {[%clk 0:05:48]} 64. Ke2 {[%clk 0:09:14]} Ra2+
{[%clk 0:06:03]} 65. Kd1 {[%clk 0:08:29]} Ra5 {[%clk 0:01:26]} 66. Rf4
{[%clk 0:08:52]} Be3 {[%clk 0:01:26]} 67. Rxh4 {[%clk 0:08:13]} Ra2
{[%clk 0:01:37]} 68. Be2 {[%clk 0:07:57]} d5 {[%clk 0:01:31]} 69. Rh8
{[%clk 0:06:52]} d4 {[%clk 0:01:39]} 70. Rd8 {[%clk 0:06:46]} Ra1+
{[%clk 0:01:38]} 71. Kc2 {[%clk 0:07:11]} Rh1 {[%clk 0:01:53]} 72. Ba6
{[%clk 0:04:10]} Rxh3 {[%clk 0:01:14]} 73. Rf8+ {[%clk 0:04:23]} Kg6
{[%clk 0:01:42]} 74. Bd3 {[%clk 0:00:38]} Rf3 {[%clk 0:00:47]} 0-1

[Event "WCO 2016"]
[Site "?"]
[Date "2016.09.13"]
[Round "11"]
[Board "20"]
[WhiteID "14901625"]
[White "Petrik Tomas"]
[BlackID "921815"]
[Black "Kalezic Blazo"]
[Result "1/2-1/2"]
[BlackElo "2457"]
[WhiteElo "2464"]
[LiveChessVersion "1.4.8"]

1. e4 {[%clk 1:30:47]} e6 {[%clk 1:30:50]} 2. d4 {[%clk 1:30:55]} d5
{[%clk 1:31:12]} 3. Nd2 {[%clk 1:30:46]} Nf6 {[%clk 1:31:33]} 4. e5
{[%clk 1:29:40]} Nfd7 {[%clk 1:31:56]} 5. Bd3 {[%clk 1:29:39]} c5
{[%clk 1:32:18]} 6. c3 {[%clk 1:29:49]} Nc6 {[%clk 1:32:40]} 7. Ne2
{[%clk 1:30:02]} cxd4 {[%clk 1:33:03]} 8. cxd4 {[%clk 1:30:24]} f6
{[%clk 1:33:29]} 9. exf6 {[%clk 1:30:00]} Nxf6 {[%clk 1:33:52]} 10. O-O
{[%clk 1:29:43]} Bd6 {[%clk 1:34:16]} 11. Nf3 {[%clk 1:29:46]} O-O
{[%clk 1:34:38]} 12. Bf4 {[%clk 1:26:46]} Bxf4 {[%clk 1:34:59]} 13. Nxf4
{[%clk 1:27:09]} Ne4 {[%clk 1:35:25]} 14. Qc1 {[%clk 1:24:46]} Qf6
{[%clk 1:35:40]} 15. Ne2 {[%clk 1:01:12]} e5 {[%clk 1:33:56]} 16. dxe5
{[%clk 0:20:19]} Nxe5 {[%clk 1:33:50]} 17. Bxe4 {[%clk 0:18:40]} dxe4
{[%clk 1:33:56]} 18. Nxe5 {[%clk 0:19:05]} Qxe5 {[%clk 1:34:13]} 19. Qc3
{[%clk 0:19:28]} Qxc3 {[%clk 1:31:31]} 20. Nxc3 {[%clk 0:19:28]} Bf5
{[%clk 1:31:28]} 21. Rfe1 {[%clk 0:18:29]} Rad8 {[%clk 1:24:09]} 22. Re2
{[%clk 0:17:30]} Rf6 {[%clk 1:20:53]} 23. Rae1 {[%clk 0:14:19]} Rb6
{[%clk 1:19:21]} 24. h3 {[%clk 0:14:38]} h6 {[%clk 1:17:57]} 25. b3
{[%clk 0:05:51]} Ra6 {[%clk 1:16:33]} 26. Rb2 {[%clk 0:05:42]} Re6
{[%clk 1:13:04]} 27. Rbe2 {[%clk 0:06:00]} Ra6 {[%clk 1:13:17]} 28. Rb2
{[%clk 0:02:32]} Re6 {[%clk 1:13:35]} 29. Rbe2 1/2-1/2

[Event "WCO 2016"]
[Site "?"]
[Date "2016.09.13"]
[Round "11"]
[Board "17"]
[WhiteID "1202758"]
[White "Nisipeanu Liviu-Dieter"]
[BlackID "4501950"]
[Black "Volodin Aleksandr"]
[Result "1-0"]
[BlackElo "2473"]
[WhiteElo "2687"]
[LiveChessVersion "1.4.8"]

1. Nf3 {[%clk 1:30:56]} d5 {[%clk 1:30:22]} 2. d4 {[%clk 1:31:20]} Nf6
{[%clk 1:30:33]} 3. Bf4 {[%clk 1:31:44]} c6 {[%clk 1:22:59]} 4. e3
{[%clk 1:31:38]} Nbd7 {[%clk 1:20:34]} 5. h3 {[%clk 1:28:36]} e6 {[%clk 1:20:22]}
6. Bd3 {[%clk 1:26:35]} Be7 {[%clk 1:18:27]} 7. Nbd2 {[%clk 1:26:26]} b6
{[%clk 1:17:53]} 8. Ne5 {[%clk 1:20:00]} Nxe5 {[%clk 1:16:14]} 9. dxe5
{[%clk 1:19:20]} Nd7 {[%clk 1:16:31]} 10. Qg4 {[%clk 1:19:30]} g5
{[%clk 1:05:48]} 11. Bg3 {[%clk 1:17:31]} h5 {[%clk 1:03:53]} 12. Qe2
{[%clk 1:15:44]} Nc5 {[%clk 0:58:00]} 13. f4 {[%clk 1:08:40]} gxf4
{[%clk 0:57:17]} 14. Bxf4 {[%clk 1:07:45]} Nxd3+ {[%clk 0:54:37]} 15. Qxd3
{[%clk 0:53:20]} a5 {[%clk 0:54:44]} 16. Nf3 {[%clk 0:53:28]} Ba6
{[%clk 0:54:07]} 17. Qd2 {[%clk 0:53:53]} Qc7 {[%clk 0:51:09]} 18. O-O-O
{[%clk 0:53:56]} O-O-O {[%clk 0:48:08]} 19. Bg5 {[%clk 0:53:34]} Bxg5
{[%clk 0:39:29]} 20. Nxg5 {[%clk 0:53:57]} h4 {[%clk 0:24:19]} 21. Qd4
{[%clk 0:42:24]} Rdg8 {[%clk 0:24:39]} 22. Qf4 {[%clk 0:42:12]} Kb8
{[%clk 0:18:06]} 23. g3 {[%clk 0:36:19]} hxg3 {[%clk 0:17:52]} 24. Rdg1
{[%clk 0:36:05]} f6 {[%clk 0:09:24]} 25. exf6 {[%clk 0:33:36]} Qxf4
{[%clk 0:08:09]} 26. exf4 {[%clk 0:34:00]} Rg6 {[%clk 0:06:00]} 27. f7
{[%clk 0:33:35]} e5 {[%clk 0:04:30]} 28. Rxg3 {[%clk 0:31:20]} exf4
{[%clk 0:04:29]} 29. Re1 {[%clk 0:29:53]} Rc8 {[%clk 0:00:37]} 30. Rf3
{[%clk 0:28:15]} Rf6 {[%clk 0:00:48]} 31. Re7 {[%clk 0:28:19]} d4
{[%clk 0:01:03]} 32. Ne4 {[%clk 0:27:45]} 1-0